000 00301nam a22001337a 4500
008 170512b xxu||||| |||| 00| 0 eng d
020 _a9780253204653
041 _aeng
080 _a94
100 _a16
101 _aSHH
245 _aTHE THEORY OF ORAL COMPOSITION
_cFOLEY , J.M
942 _2udc
_cBK
999 _c13289
_d13289